| 000 | 00781nam a2200217 a 4500 | ||
|---|---|---|---|
| 999 |
_c6438 _d6438 |
||
| 001 | 6438 | ||
| 003 | BD-JhCC | ||
| 005 | 20180123114002.0 | ||
| 008 | 180123s2002 bg |||| ||a| 000 0 ben d | ||
| 035 | _a(BD-JhCC)6438 | ||
| 040 |
_aBD-JhCC _dBD-JhCC |
||
| 041 | _aben | ||
| 082 |
_a297.5 _bSID 2002 |
||
| 100 | _aসিদ্দিকী, মোহাম্মদ খালেদ সাইফুল্লাহ | ||
| 245 |
_aমুসলিম উৎসব-ঐতিহ্য / _cমোহাম্মদ খালেদ সাইফুল্লাহ সিদ্দিকী, |
||
| 260 |
_aঢাকা : _bবাতায়ন প্রকাশনী, _c2002 |
||
| 300 |
_a415 p. : _c22 cm. |
||
| 650 |
_aIslam _xFestival & Tradition |
||
| 942 |
_2ddc _cBK |
||